000 00522nam a2200205Ia 4500
001 12761
003 GE_BSU
008 181216s||||||||xx |||||||||||||| ||und||
040 _cGE_BSU
100 _aЖежель,Н.Г. Пантелеева,Е.И.
245 _aАгрохимия
245 _bУчебник
245 _cРед.Г.А.Пенькова
260 _aЛенинград
260 _bКолос
260 _c1966
300 _a263стр.илл.20см.
653 _aАгрохимия
942 _cBK
999 _c45932
_d45932